1960 1069 1800 1504 1541 1075 1681 1240 1048 1559 1543 1964 1450 1078 1596 1284 1509 1948 1145 1893 1087 1325 1034 1819 1222 1341 1273 1344 1751 1881 1948 1903 1519 1765 1301 1351 1625 1156 1243 1742 1354 1229 1386 1350 1996 1485 1396 1400 1237 1580 1822 1928 1609 1105 1059 1317 1930 1040 1120 1453 1622 1059 1325 1934 1625 1101 1446 1893 1113 1907 1846 1586 1770 1091 1016 1005 1483 1656 1524 1371 1102 1596 1502 1603 1487 1788 1733 1107 2000 1392 1744 1654 1462 1034 1899 1135 1879 1550 1218 BCNSPRNW ULIB Ver.6.0+V

เปลี่ยนเป็นภาษาไทย

Change to English
 แสดงรายละเอียดบรรณานุกรม
  กลับหน้าหลัก

Brief Record : Get Marc (ISO 2709) : E-mail record : QR code < ปิดหน้าต่าง
LEADER : 00000nam 2200000uu 4500
001    13399125905
003     ULIB
008    020711s2560 th a 000 0 tha d
020    ^a9786164296312
050    ^aLB2832.4.T5^bน674จ
100    ^aนิวัตต์ น้อยมณี และ กัญภร เอี่ยมพญา.
245    ^aจิตวิญญาณครู/^cนิวัตต์ น้อยมณี และ กัญภร เอี่ยมพญา.
260    ^aนนทบุรี :^b21 เซ็นจูรี่,^c2560
300    ^a329 หน้า;^b^c21 ซม.
650    ^aครู
650  0 ^aครู-จิตวิญญาณ
945    ^p180^l0^i003362
945    ^p180^l0^i003363
999    ^aประนอม เกษจรัล
รายการนี้ยังไม่มีแท็ก
คุณยังไม่ได้ล็อกอิน คุณสามารถมีกิจกรรมร่วมกับเว็บไซต์ได้ แต่ต้องล็อกอินก่อน ::
  ล็อกอิน

รายการสื่อสารสนเทศ

ลำดับที่ ประเภท เลขเรียก/บาร์โค้ด สถานที่ สถานะ
1. วิทยาศาสตร์การแพทย์ และสุขภาพ
หนังสือสำรอง
สถานะ=หนังสือสำรอง
LB2832.4.T5 น674จ ฉ.1 
  Barcode: 003362
ห้องสมุดวิทยาเขตนครสวรรค์
►นวนิยาย:l:Fiction
บนชั้น
2. วิทยาศาสตร์การแพทย์ และสุขภาพ
วิทยาศาสตร์การแพทย์ และสุขภาพ
LB2832.4.T5 น674จ ฉ.2 
  Barcode: 003363
ห้องสมุดวิทยาเขตนครสวรรค์
►นวนิยาย:l:Fiction
บนชั้น

รายการใกล้เคียง
    หัวเรื่อง [ครู]
    หัวเรื่อง [ครู-จิตวิญญาณ]

BibComment


ยังไม่เคยถูกคอมเมนท์

คอมเมนท์ทรัพยากรรายการนี้
  คอมเมนท์: จิตวิญญาณครู นิว..


 Copyright 2026. Bcnsprnw @Library